000 00679nam a2200229 a 4500
999 _c1179
_d1179
001 1179
003 BD-JhCC
005 20171022210712.0
008 171016s2011 b ||||| |||| 00| 0 ben d
020 _a9847011401022
035 _a(BD-JhCC)1179
040 _aBD-JhCC
_dBD-JhCC
041 _aben
082 _223
_a891.4409
_bQUA 2011
100 _aকাদের, ওবায়দুল
245 _aযে কথা বলা হয় নি /
_cওবায়দুল কাদের
260 _aঢাকা :
_bসময়,
_c২০১১
300 _a205 p. :
_c22cm.
650 _aUntold Stories
_xBengali Literature
942 _2ddc
_cBK